000 00686nam a22002417a 4500
003 UA-OsUOA
001 75388
007 ta
008 20110518b un ||||| |||| 00| 0 ukr d
100 _aЯковина О.П.
090 _a82.09(477):140.8
_bЯ47
942 _cBK
040 _aUA-OsUOA
_bukr
_cUA-OsUOA
_dUA-OsUOA
245 _aМетафізика в поезії: Україна XVII століття
300 _a216 с.
955 _a1
041 _aukr
080 _a82.09(477):140.8
020 _a978-966-553-966-7
260 _aЛьвів
_bОпілля-Л
_c2010
650 7 _a82 Література. Літературознавство
_2UDC
999 _c361684
_d361684